000 00218 a2200097 4500
001 2537
100 _aMason, R A
245 _aWar in the third dimension
260 _a
_bBrassey's Defence Pubs.
_c
090 _c1834
_d1834
942 _aNUST-CAE
_cM
_c9269
999 _c237610
_d237610